Informes sobre los estados sudamericanos en los años de 1837 y 1838 / (Record no. 74946)
[ view plain ]
| 000 -LEADER | |
|---|---|
| campo de control de longitud fija | 01002nam a2200217 i 4500 |
| 001 - NÚMERO DE CONTROL | |
| campo de control | 74946 |
| 003 - IDENTIFICADOR DE NÚMERO DE CONTROL | |
| campo de control | ES-MaACL |
| 005 - FECHA Y HORA DE LA ÚLTIMA TRANSACCIÓN | |
| campo de control | 20250730064446.0 |
| 007 - CAMPO FIJO DE DESCRIPCIÓN FÍSICA--INFORMACIÓN GENERAL | |
| campo de control de longitud fija | t| |
| 008 - DATOS DE LONGITUD FIJA--INFORMACIÓN GENERAL | |
| campo de control de longitud fija | 040921s1962 sw ||||1| spa d |
| 100 1# - ENTRADA PRINCIPAL--NOMBRE DE PERSONA | |
| Nombre de persona | Gosselman, Carl August. |
| 9 (RLIN) | 59262 |
| 245 10 - MENCIÓN DEL TÍTULO | |
| Título | Informes sobre los estados sudamericanos en los años de 1837 y 1838 / |
| Mención de responsabilidad, etc. | Carl August Gossselman ; edición, introducción y notas por Magnus Mörner ; traducción del sueco por Ernesto Dethorey. |
| 260 ## - PUBLICACIÓN, DISTRIBUCIÓN, ETC. | |
| Lugar de publicación, distribución, etc. | Estocolmo : |
| Nombre del editor, distribuidor, etc. | [s.n., |
| Fecha de publicación, distribución, etc. | 1962] ( |
| Fabricante | Graf. Hijos de P. Armengot) |
| 300 ## - DESCRIPCIÓN FÍSICA | |
| Extensión | 177 p., 5 lám. ; |
| Dimensiones | 25 cm. |
| 500 ## - NOTA GENERAL | |
| Nota general | Precede al tít.: Biblioteca e Instituto de Estudios Ibero-Americanos de la Escuela de Ciencias Económicas,Estocolmo, Suecia. |
| 700 1# - ENTRADA AGREGADA--NOMBRE PERSONAL | |
| Nombre de persona | Mörner, Magnus, |
| Fechas asociadas al nombre | 1924-2012 |
| 9 (RLIN) | 179484 |
| 700 1# - ENTRADA AGREGADA--NOMBRE PERSONAL | |
| Nombre de persona | Dethorey, Ernesto. |
| 9 (RLIN) | 43963 |
| 710 2# - ENTRADA AGREGADA--NOMBRE DE ENTIDAD CORPORATIVA | |
| Nombre de entidad corporativa o nombre de jurisdicción como elemento de entrada | Escuela de Ciencias Económicas (Estocolmo). |
| Unidad subordinada | Biblioteca e Instituto de Estudios Ibero-Americanos. |
| 9 (RLIN) | 3534 |
| 852 ## - LOCALIZACIÓN | |
| Ubicación | ES-MaACL |
| Número de control de estantería | C-24435 |
| Sublocalización o colección | R.51577 |
| Estatus retirado | Estado de pérdida | Estado de daño | No para préstamo | Biblioteca de origen | Biblioteca actual | Ubicación en estantería | Fecha de adquisición | Fuente de adquisición | Total de préstamos | Signatura topográfica completa | Código de barras | Visto por última vez | Precio de reemplazo | Tipo de ítem Koha |
|---|---|---|---|---|---|---|---|---|---|---|---|---|---|---|
| Biblioteca del Ateneo de Madrid | Biblioteca del Ateneo de Madrid | Depósito 2 | 17/01/2008 | C-24435 | 1078449 | 23/02/2023 | 23/02/2023 | Libro impreso |
